000 03057nam0a2200397 4500
001 RU\NLR\bibl\1121162
005 20260407132626.0
010 _a978-5-98738-046-8
_bВ пер.
_92000
021 _aRU
_b2007-47739
_92537
035 _a(nilc)RSL-KNO-003147701
035 _a(NLR Aleph) 001108135
090 _a1220906
_c1220906
100 _a20070723d2007 |||y0rusy50 ca
101 0 _arus
102 _aRU
105 _ay zzzz|||||
200 1 _aОрганизация вакцинопрофилактики
_eпособие для врачей
_f[М-во здравоохранения и социального развития Российской Федерации и др.
_gпод ред. д.м.н., проф., акад. РАН Г.Г. Онищенко]
210 _aМосква
_cРоспотребнадзор
_cФедеральный центр гигиены и эпидемиологии
_d2007
215 _a672 с.
_cил., табл.
_d22
300 _aВ надзаг. также: Федеральное агентство по здравоохранению и социальному развитию, Федеральная служба по надзору в сфере защиты прав потребителей и благополучия человека, Федеральное гос. учреждение здравоохранения "Федеральный центр гигиены и эпидемиологии" Федеральной службы по надзору в сфере защиты прав потребителей и благополучия человека
320 _aБиблиогр. в конце ст.
606 1 _aИнфекционные болезни
_jЗаконодательные материалы
_xПрофилактика
_yРоссийская Федерация
_92117874
_3RU\NLR\auth\661279230
606 1 _aИммунизация
_jНормативные документы
_xОрганизация
_yРоссийская Федерация
_92486525
_3RU\NLR\auth\661475700
610 0 _aЗдравоохранение. Медицинские науки -- Эпидемиология -- Противоэпидемические мероприятия -- Предохранительные прививки -- Законодательные материалы -- Пособие для специалистов
610 0 _aвакцинопрофилактика
686 _aР193.95б,07
_2rubbk
686 _aХ621.154.04-39(2Р)21
686 _aР193.95я77
702 1 _4220
_8rus
_7ca
_aОнищенко
_bГ. Г.
_f1950-
_gГеннадий Григорьевич
_3RU\NLR\auth\7787928
_970856
712 0 1 _4570
_aРоссийская Федерация
_bФедеральное агентство по здравоохранению и социальному развитию
_3RU\NLR\AUTH\8810078859
_9659851
801 0 _aRU
_bРКП
_c20070723
_grcr
801 1 _aRU
_bРГБ
_c20070723
801 2 _aRU
_bNLR
_c20070829
_grcr
942 _cBOOK
980 _aNB